000 00519nam a2200193Ia 4500
005 20250508152405.0
008 008 250505s9999 xx 000 0 hin d
037 _aTextual
040 _aFEDL
_beng
_cFEDL
041 _ahin
_2eng
084 _a891.43, KAB
_qFEDL
100 _aBharatbhushan
245 0 _aMahatma Kabir
260 _aDelhi, India
_bHindi Sahitya Sansar
_c1958
300 _a202p.
700 _a Sharma Sri Niwas
_9761347
942 _cTEXL
_h891.43, KAB
999 _c1336119
_d1336119